00786nam a2200193 a 450000100100000000500170001000800410002702000150006804000250008310000460010824501020015426000270025630000210028350000210030450400730032571000720039895201050047099900170057500004152520201002035625.0131009s1981 sp 001 0 spa d a8400048768 aDO-SdBNPbspacBNPHU1 aSánchez Alonzo, María Cristina96824910aImpresos de los siglos XVI y XVII de temática madrileña /cMaría Cristina Sánchez Alonzo. aMadrid :bCSIC,c1981. a615 p. ;c25 cm. aIncluye índice aIncluye referencias bibliográficas y notas al pie de las páginas2 aConsejo Superior de Investigaciones Científicas (España)915178 001050718MOaGRbGRcCTd2013-10-09iLF1l0o p41525-10r2020-06-25w2020-06-25y1ZNo se presta c41015d41015